Kraje biorące udział w quizie II wojny światowej - Statystyki

Ogólne statystyki
  • Ten quiz został rozwiązany 359 razy
  • Średni wynik to 16 z 24
Statystyki odpowiedzi
Śmierci Kraje % Poprawnych
5,318,000 Niemcy
98%
240,000 Polska
97%
407,300 Stany Zjednoczone
92%
210,000 Francja
90%
2,300,000 Japonia
90%
383,700 Wielka Brytania
90%
341,000 Włochy
88%
3,750,000 Chiny
87%
42,000 Kanada
70%
12,000 Belgia
69%
18,200 Holandia
69%
200,000 Węgry
69%
300,000 Rumunia
66%
35,100 Grecja
65%
95,000 Finlandia
62%
11,400,000 Związek Radziecki
60%
39,700 Australia
59%
446,000 Jugosławia
59%
18,500 Bułgaria
55%
25,000 Litwa
41%
30,000 Łotwa
40%
34,000 Estonia
39%
11,700 Nowa Zelandia
35%
11,900 Południowa Afryka
27%
Nie znaleziono quizów pasujących do podanych kryteriów
Rozkład punktacji
Procent ludzi z każdym wynikiem
Percentyl według liczby udzielonych odpowiedzi
Twoja historia wyników
Nie rozwiązałeś tego quizu